Imiona nadane chłopcom w 2007 roku - Statystyki

Ogólne statystyki
  • Ten quiz został rozwiązany 46 razy
  • Średni wynik to 61 z 100
Statystyki odpowiedzi
Hint Odpowiedź % Poprawnych
J Jan
95%
P Piotr
89%
T Tomasz
89%
B Bartosz
87%
J Jakub
87%
K Kamil
87%
P Paweł
87%
A Adam
84%
B Bartłomiej
84%
M Mateusz
84%
S Szymon
84%
D Dominik
82%
F Filip
82%
M Marcin
82%
M Marek
82%
M Michał
82%
W Wiktor
82%
W Wojciech
82%
I Igor
79%
K Karol
79%
Ł Łukasz
79%
M Maciej
79%
S Stanisław
79%
A Aleks
76%
A Alex
76%
D Damian
76%
D Daniel
76%
K Kacper
76%
K Krzysztof
76%
O Oskar
76%
A Antoni
74%
D Dariusz
74%
M Marcel
74%
P Patryk
74%
S Sebastian
74%
A Andrzej
71%
D David
71%
D Dawid
71%
A Adrian
68%
A Aleksander
68%
A Alexander
68%
E Emil
68%
F Franciszek
68%
M Miłosz
68%
O Oliver
68%
O Olivier
68%
O Oliwier
68%
R Robert
68%
G Grzegorz
66%
N Nikodem
66%
N Natan
63%
R Rafał
63%
T Tymoteusz
63%
A Arkadiusz
61%
M Mariusz
61%
H Hubert
58%
M Maksym
58%
M Maksymilian
58%
A Artur
55%
C Cezary
55%
E Eryk
55%
G Gabriel
55%
J Jarosław
55%
J Julian
55%
K Krystian
55%
M Mikołaj
55%
P Przemysław
55%
T Tymon
55%
K Konrad
53%
N Norbert
53%
O Olaf
53%
R Radosław
53%
F Fabian
50%
L Leon
50%
B Błażej
47%
I Ignacy
47%
K Kornel
47%
A Alan
45%
J Jacek
45%
K Kuba
45%
N Nataniel
45%
T Tobiasz
39%
D Dorian
37%
K Ksawery
37%
C Cyprian
34%
B Borys
32%
B Bruno
32%
K Kajetan
32%
W Witold
32%
A Albert
29%
B Brajan
29%
R Remigiusz
29%
G Gracjan
26%
J Jędrzej
26%
S Seweryn
26%
S Samuel
24%
K Kevin
21%
K Kewin
21%
N Nicolas
16%
E Ernest
13%
Nie znaleziono quizów pasujących do podanych kryteriów
Rozkład punktacji
Procent ludzi z każdym wynikiem
Percentyl według liczby udzielonych odpowiedzi
Twoja historia wyników
Nie rozwiązałeś tego quizu